Visualizzazione normale
Vista MARC
di Personal Name
Records bibliografici associati: 1
001 - CONTROL NUMBER
- control field: 35534
003 - CONTROL NUMBER IDENTIFIER
- control field: IT-RoPau
005 - DATE AND TIME OF LATEST TRANSACTION
- control field: 20150725203451.0
008 - FIXED-LENGTH DATA ELEMENTS
- fixed length control field: 150725|| aca||aabn | a|a d
040 ## - CATALOGING SOURCE
- Original cataloging agency: IT-RoPau
- Transcribing agency: IT-RoPau
100 ## - HEADING--PERSONAL NAME
- Personal name:
- Titles and other words associated with a name: p.
670 ## - SOURCE DATA FOUND
- Source citation: Work cat.: (IT-RoPau)26795: Giuseppe da Bra 35533, Le iscrizioni latine della basilica di S. Lorenzo fuori le Mura, 1931